000 00849nam a22002657a 4500
003 BDCtgAUW
005 20260406180616.0
008 260226b enk ||||| |||| 00| 0 eng d
020 _a9780140132502
040 _a BDCtgAUW
_c BDCtgAUW
_d BDCtgAUW
043 _ae-ie---
050 0 0 _aDA938
_b.F67
100 1 0 _aFoster, R. F.
_q(Robert Fitzroy),
_eauthor
_991081
245 1 0 _aModern Ireland, 1600-1972 /
260 _aNew York, N.Y. :
_bPenguin Books,
_c1988.
300 _axiii, 688 p. :
_bill. ;
_c24 cm.
500 _aIncludes indexes.
504 _aBibliography: p. [643]-662.
651 0 _aIreland
_xHistory
_y1691-
_991082
651 0 _aIreland
_xHistory
_y17th century.
_991083
887 _28
_aPapia Akter
942 _2lcc
_cBK
_n0
999 _c16284
_d16284
888 _28